| 000 | 00665cam a2200193 a 4500 | ||
|---|---|---|---|
| 001 | 000006306 | ||
| 005 | 20200929153918.0 | ||
| 008 | 750127s1972 sp 001 0 spa | ||
| 040 |
_aDO-SdBNP _bspa _cBNPHU |
||
| 082 |
_axx _bS165l, 1972 |
||
| 100 | 1 |
_aSalinas, Pedro, _d1892-1951. _97966 |
|
| 245 | 1 | 0 |
_aLiteratura española siglo XX / _cPedro Salinas. |
| 250 | _a2a ed. | ||
| 260 |
_aMadrid : _bAlianza, _c1972. |
||
| 300 |
_a223 p. ; _c18 cm. |
||
| 490 | 1 |
_aEl Libro de Bolsillo ; _6Sección: Literatura _vno. 239 |
|
| 650 | 0 |
_aSpanish literature _y20th century _xHistory and criticism. _917596 |
|
| 830 | 0 |
_aEl Libro de Bolsillo ; _pSección: Literatura _vno. 239 _917597 |
|
| 999 |
_c6101 _d6101 |
||